Amor y trabajo. Historias y memorias de una cooperativa y sus mujeres, Nicaragua 1983-2000

Bibliographic Details
Main Author: Hagene, Turid
Format: eBook
Language:Spanish
Published: Mx̌ico D.F.: Plaza y Valdš Editores, 2008
Subjects:
Online Access:Acceso restringido

MARC

LEADER 00000nam a22000007a 4500
005 20130711161411.0
007 cr|||| ||||
008 130711s2008 mx |||||s|||| 00||0 spa d
035 |a 11398 
040 |a vLex 
090 |c 4428  |d 4428 
100 1 |a Hagene, Turid 
245 1 0 |a Amor y trabajo. Historias y memorias de una cooperativa y sus mujeres, Nicaragua 1983-2000  |h [Recurso electrn̤ico] /  |c Turid Hagene 
256 |a Servicio en ln̕ea 
260 |a Mx̌ico D.F.:  |b Plaza y Valdš Editores,   |c 2008 
300 |a 1 recurso electrn̤ico 
506 1 |a Contenido solo disponible en los productos indicados  |d vLex Global  |d vLex Global (Academic Edition, excluding Law Schools)  |d vLex Global (U.S. Academic Edition, Law Schools)  |d vLex Global (U.S. Academic Edition, excluding Law Schools)  |d vLex Global (Academic Edition, Law Schools) 
650 0 4 |a Cooperativismo  |z Mx̌ico 
740 0 |a vLex Libros (Servicio en ln̕ea) 
856 4 0 |u http://vlex.com/source/amor-y-trabajo-historias-y-memorias-de-una-cooperativa-y-sus-mujeres-nicaragua-1983-2000-11398  |z Acceso restringido 
942 |c BOOK 
999 0 |a Cooperation